banner-ar

MASTERING WINDOWS SERVER 2003 / (Record no. 66065)

MARC details
000 -الفاتح
حقل البيانات ثابتة الطول 00624nam a2200217Ia 4500
005 - وقت وتاريخ اخر تعامل مع التسجيلة
رقم الضبط 20240530110857.0
008 - عناصر البيانات ثابتة الطول - معلومات عامة
حقل البيانات ثابتة الطول 140319s2003 xxua 000 0 eng d
020 ## - الرقم الدولى المعيارى للكتب
الرقم الدولى المعيارى للكتاب 0782141307
040 ## - مصدر الفهرسة
وكالة الفهرسة الأصلية GCL /
وكالة النسخ GCL
082 04 - رقم تصنيف ديوى العشرى
رقم التصنيف 005.4
رقم المادة M W
100 1# - المدخل الرئيسى - إسم شخصى
الإسم الشخصى Minasi, Mark
245 10 - بيان العنوان
العنوان MASTERING WINDOWS SERVER 2003 /
بيان المسئوليه,etc Mark Minasi, Christa Anderson, Michele Beveridge
260 ## - PUBLICATION, DISTRIBUTION, ETC. (IMPRINT)
تاريخ النشر أو التوزيع 2003.
300 ## - الوصف المادى
التعداد 1753 P :
تفاصيل ماديه اخرى للوعاء ill ;
أبعاد الوعاء 24 cm.
650 04 - المدخل الاضافى بالموضوع-مصطلح موضوعى
مصطلح موضوعي COMPUTER GRAPHICS
650 04 - المدخل الاضافى بالموضوع-مصطلح موضوعى
مصطلح موضوعي ELECTIONC COMPUTER SYSTEM
700 1# - المدخل الاضافى - اسم شخصى
الإسم الشخصى Anderson,Christa
700 1# - المدخل الاضافى - اسم شخصى
الإسم الشخصى Beveridge, Michele
942 ## - عناصر المدخل الإضافي( كوها)
مصدر التصنيف او مخطط الترفيف Dewey Decimal Classification
Koha [default] item type كتاب
260 ## - PUBLICATION, DISTRIBUTION, ETC. (IMPRINT)
-- San Francisco :
-- SYBEX،
Holdings
حالة التراجع حالة الفقد مصدر التصنيف او خطة الترفيف حالة تلف ليس للاعارة المكان المؤقت الموقع الحالى موقع الترفيف تاريخ الاكتساب اجمالي اﻻعارات رقم الطلب الباركود تاريخ اخر مشاهدة تاريخ تفعيل السعر نوع وعاء كوها
    ddc     مكتبة القاهرة الكبرى مكتبة القاهرة الكبرى   01/23/2022   005.4 /M W 167252 01/23/2022 01/23/2022 كتاب

Powered By

EGPV